| 000 | 01083nam a22003137a 4500 | ||
|---|---|---|---|
| 001 | 6504 | ||
| 003 | FISKH | ||
| 005 | 20250512154151.0 | ||
| 008 | 250507b cb ||||| |||| 00| 0 eng d | ||
| 020 | _a9780590422710 | ||
| 040 |
_aDLC _cDLC _dDLC _beng |
||
| 050 | _aPZ7.S9656 A | ||
| 082 | _a235 | ||
| 100 | 1 | _aSurat, Michele Maria. | |
| 245 | 1 | 0 |
_aAngel child, dragon child / _cStory by Michele Maria Surat ; Pictures by Vo-Dinh Mai. |
| 250 | _aThis edition first published in 1989 | ||
| 260 |
_aNew York : _bScholastic, _c1983. |
||
| 300 |
_a35 pages : _bcolor illustrations ; _c20 x 23 cm. |
||
| 505 | _aG | ||
| 520 | _aUt, a Vietnamese girl attending school in the United States, lonely for her mother left behind in Vietnam, makes a new friend who presents her with a wonderful gift. | ||
| 521 | 8 |
_a420
_bLexile |
|
| 521 | 8 |
_aG
_bRaz-Plus |
|
| 650 | 1 |
_aVietnamese Americans _xFiction. |
|
| 650 | 1 |
_aSchools _xFiction. |
|
| 700 | 1 |
_aVo-Dinh, Mai, _dillustrator |
|
| 906 |
_a7 _bcbc _corignew _d1 _eocip _f19 _gy-gencatlg |
||
| 942 |
_2ddc _cBK _n0 |
||
| 999 |
_c6504 _d6504 |
||